00646nam a2200217 a 450000100060000000300080000600500170001400800410003103500190007204000430009104100080013408200250014210000310016724500560019825000120025426000370026630000290030350000190033265000170035183000600036871881BD-RjUL20211209082156.0170508s1953 enka 001 0 eng  a(BD-RjUL)72097 aDLCcFMUdOCoLCdUkdDLCdBD-RjULbeng aeng 223a537.24bWHD 19531 aWhitehead, Stanley,d1902-10aDielectric breakdown of solids /cStanley Whitehead a1st ed. aOxford :bClarendon Press,c1953 a271 p. :bill. ;c23 cm. aIncludes index 0aDielectrics. aMonographs on the physics and chemistry of materialsv8